00000000cas 2200000zi 4500
0019.961271
003CaOODSP
00520260526142032
006m     o  d f      
007cr cn|||||||||
008260325c20269999onc x p o    f0###a0eng|d
040 |aCaOODSP|beng|erda|cCaOODSP
043 |an-cn---
0861 |aYC3-451/1-3E-PDF
1101 |aCanada. |bParliament. |bSpecial Joint Committee on the Exercise of Powers Under the Building Canada Act, |eauthor, |eissuing body.
24510|aEvidence / |cSpecial Joint Committee on the Exercise of Powers Under the Building Canada Act.
264 1|a[Ottawa] : |bHouse of Commons = Chambre des Communes, Canada, |c2026-
310 |aIrregular
336 |atext|2rdacontent
337 |acomputer|2rdamedia
338 |aonline resource|2rdacarrier
3621 |aBegan with 45th Parliament, 1st Session, number 001, Tuesday, March 10, 2026.
500 |aIssued also in French under title: Témoignages / Comité mixte spécial sur l'exercice des attributions en vertu de la Loi visant à bâtir le Canada.
588 |aDescription based on: 45th Parliament, 1st Session, number 001, Tuesday, March 10, 2026.
588 |aLatest issue consulted: 45th Parliament, 1st Session, number 001, Tuesday, March 10, 2026.
61010|aCanada. |tBuilding Canada Act |vPeriodicals.
65000|aExecutive power|xLaw and legislation|zCanada|vPeriodicals.
655 7|aPeriodicals|2lcgft
77508|tTémoignages / |w(CaOODSP)9.961270